Guide to Competition Law in India (Record no. 1308694)
[ view plain ]
| 000 -LEADER | |
|---|---|
| fixed length control field | 00612nam a2200217Ia 4500 |
| 005 - DATE AND TIME OF LATEST TRANSACTION | |
| control field | 20250409162840.0 |
| 008 - FIXED-LENGTH DATA ELEMENTS--GENERAL INFORMATION | |
| fixed length control field | 008 250409s9999 xx 000 0 eng d |
| 020 ## - INTERNATIONAL STANDARD BOOK NUMBER | |
| International Standard Book Number | 9788175343306 |
| 037 ## - SOURCE OF ACQUISITION | |
| Stock number | Textbook |
| 040 ## - CATALOGING SOURCE | |
| Original cataloging agency | LCT |
| Language of cataloging | eng |
| Transcribing agency | LCT |
| 041 ## - LANGUAGE CODE | |
| Language code of text/sound track or separate title | eng |
| Source of code | eng |
| 084 ## - COLON CLASSIFICATION NUMBER | |
| Classification number | X:516:(Z2) / P3 |
| Assigning agency | LCT |
| 100 ## - MAIN ENTRY--PERSONAL NAME | |
| Personal name | Universal's |
| 9 (RLIN) | 752084 |
| 245 #0 - TITLE STATEMENT | |
| Title | Guide to Competition Law in India |
| Statement of responsibility, etc. | by Universal's |
| 260 ## - PUBLICATION, DISTRIBUTION, ETC. | |
| Place of publication, distribution, etc. | New Delhi |
| Name of publisher, distributor, etc. | Universal Law Publishing |
| Date of publication, distribution, etc. | 2003 |
| 300 ## - PHYSICAL DESCRIPTION | |
| Extent | xvi , 386p. |
| 365 ## - TRADE PRICE | |
| Price type code | INR |
| Price amount | 325 |
| 650 ## - SUBJECT ADDED ENTRY--TOPICAL TERM | |
| Topical term or geographic name entry element | Law |
| 942 ## - ADDED ENTRY ELEMENTS (KOHA) | |
| Koha item type | Textbook |
| Classification part | X:516:(Z2) / P3 |
| Withdrawn status | Lost status | Damaged status | Not for loan | Home library | Current library | Date acquired | Total Checkouts | Full call number | Barcode | Date last seen | Price effective from | Koha item type |
|---|---|---|---|---|---|---|---|---|---|---|---|---|
| Law Centre-II Library | Law Centre-II Library | 2025-04-09 | X:516:(Z2) / P3 | LT0019824 | 2025-04-09 | 2025-04-09 | Textbook |
